000 00648nam a2200241Ia 4500
003 OSt
005 20220924130745.0
006 a|||||r|||| 00| 0
007 ta
008 220923b |||||||| |||| 00| 0 urd d
020 _c1.00
024 _a318297
037 _cTextual
040 _aARTS
_cARTS
_burd
041 _2urd
_aurd
082 _aO168,3N09,JS, H1
100 _aAbbas Ghulam Au.
_9188856
245 0 _aJazira-e-sukhnuran
260 _aU.P.
_bKitabkar publishers India
_c1941
650 _aURDU FICTION
_93298
942 _hO168,3N09,JS, H1
_cTEXL
_2CC
999 _c425368
_d425368